000 00649nam a2200229Ia 4500
005 20260320201812.0
008 008 262003s9999 xx 000 0 eng d
037 _aEBOOK
040 _aCRL
040 _beng
040 _cCRL
041 _2eng
041 _aeng
084 _qCRL
100 _aWilliams
245 0 _aBuilding Cross-Platform GUI Applications with Fyne: Create beautiful, platform-agnostic graphical applications using Fyne and the Go programming language
260 _bIEEE
856 _uhttps://ieeexplore.ieee.org/servlet/opac?bknumber=10163632
942 _cEBOOK
999 _c1723615
_d1723615